Bienvenue à la E-Bibliothèque de l’UEH

Bénéficiez l'accès à des milliers de ressources en ligne

Pëtr Bogatyrëv et les débuts du Cercle de Prague : (notice nᵒ 897)

détails MARC
000 -LEADER
fixed length control field 02578 a2200325 4500
001 - CONTROL NUMBER
control field OB-psn-8092
003 - CONTROL NUMBER IDENTIFIER
control field FrMaCLE
005 - DATE AND TIME OF LATEST TRANSACTION
control field 20251214082532.0
007 - PHYSICAL DESCRIPTION FIXED FIELD--GENERAL INFORMATION
fixed length control field cu ||||||m||||
008 - FIXED-LENGTH DATA ELEMENTS--GENERAL INFORMATION
fixed length control field 180917e||||||||xx |||||s|||||||||0|fr|d
020 ## - INTERNATIONAL STANDARD BOOK NUMBER
International Standard Book Number 978-2-87854-827-3
024 7# - OTHER STANDARD IDENTIFIER
Standard number or code 10.4000/books.psn.8092
Source of number or code doi
040 ## - CATALOGING SOURCE
Original cataloging agency FR-FrMaCLE
041 ## - LANGUAGE CODE
Language code of text/sound track or separate title fra
100 1# - MAIN ENTRY--PERSONAL NAME
Personal name Tchougounnikov, Serguei
245 10 - TITLE STATEMENT
Title Pëtr Bogatyrëv et les débuts du Cercle de Prague :
Remainder of title Recherches ethnographiques et théâtrales /
Statement of responsibility, etc. Serguei Tchougounnikov, Céline Trautmann-Waller.
260 ## - PUBLICATION, DISTRIBUTION, ETC.
Place of publication, distribution, etc. Paris :
Name of publisher, distributor, etc. Presses Sorbonne Nouvelle,
Date of publication, distribution, etc. 2018.
300 ## - PHYSICAL DESCRIPTION
Extent 272 p.
500 ## - GENERAL NOTE
General note Ebook
520 ## - SUMMARY, ETC.
Summary, etc. C'est à Prague que le jeune ethnographe russe Pëtr Grigor'evič Bogatyrëv (1893- 1971), qui a fait partie avec Roman Jakobson des fondateurs du Cercle linguistique de Moscou, développe dans les années 1920 et 1930 une série de chantiers originaux qui concernent l'ethnographie rurale et l'étude du théâtre populaire. Ce volume propose une série de textes de cette période qui concernent les actes magiques, le costume populaire, la géographie ou les signes du théâtre et qu'éclairent les contributions de collègues français, allemands, suisses, russes et canadiens. L'oeuvre de Bogatyrëv est particulièrement évocatrice de la richesse des rencontres intellectuelles praguoises de l'entre-deux-guerres, dont le Cercle de Prague fut le fruit et l'illustration la plus célèbre. Marquée par les traditions ethnographiques russes mais aussi par le contact avec les formalistes, les héritiers de l'esthétique néo-herbartienne tchèque, la Volkskunde allemande de l'époque et les travaux de la linguistique et de l'ethnologie françaises, elle permet une approche transnationale de la genèse du premier structuralisme. Le dépassement des frontières nationales qui caractérise ces rencontres praguoises s'accompagne également d'un dépassement des séparations entre, d'un côté, formes artistiques populaires, en apparence « archaïques » et, de l'autre, formes artistiques urbaines et avant-gardistes, ainsi qu'entre discours théorique et pratique artistique.
540 ## - TERMS GOVERNING USE AND REPRODUCTION NOTE
Terms governing use and reproduction OpenEdition Books License
Uniform Resource Identifier <a href="https://www.openedition.org/12554">https://www.openedition.org/12554</a>
650 #4 - SUBJECT ADDED ENTRY--TOPICAL TERM
Topical term or geographic name entry element Arts & Humanities
Topical term or geographic name entry element Theater
Topical term or geographic name entry element théâtre
Topical term or geographic name entry element ethnographie
Topical term or geographic name entry element Cercle de Prague
700 1# - ADDED ENTRY--PERSONAL NAME
Personal name Trautmann-Waller, Céline
776 ## - ADDITIONAL PHYSICAL FORM ENTRY
International Standard Book Number 978-2-87854-577-7
856 4# - ELECTRONIC LOCATION AND ACCESS
Data provenance Tchougounnikov, Serguei
Uniform Resource Identifier <a href="https://books.openedition.org/psn/8092">https://books.openedition.org/psn/8092</a>
Link text Pëtr Bogatyrëv et les débuts du Cercle de Prague

Pas d'exemplaire disponible.

Bibliothèque universitaire de l'UEH
Portail centralisé donnant accès au catalogue, aux ressources numériques et aux productions scientifiques de l’Université d’État d’Haïti.

Plateformes institutionnelles

  • Dépôt institutionnel UEH
  • Revues scientifiques UEH
  • GED institutionnelle
  • UEH enseignement à distance

Contact

  • Adresse : 21 Rue Rivière, Port-au-Prince
  • Email : bibliotheque@ueh.edu.ht
  • Téléphone : +509 22-45-68-43 / 22-45-68-44
  • Heures : Lundi–Vendredi 8h–16h
© 2026 UEH – E-Bibliothèque de l’Université d’État d’Haïti | À propos | Confidentialité | Conditions | Mentions légales | Accessibilité | Plan du site | Contact